| 000 | 01389nam0a2200349 4500 | ||
|---|---|---|---|
| 001 | RU\NLR\bibl\1815519 | ||
| 005 | 20260408192516.0 | ||
| 010 |
_a978-5-9973-1433-0 _9150 |
||
| 021 |
_aRU _b2011-65635 _94617 |
||
| 035 | _a(NLR Aleph) 001806107 | ||
| 090 |
_a1810449 _c1810449 |
||
| 100 | _a20111003d2011 |||y0rusy50 ca | ||
| 101 | 0 | _arus | |
| 102 | _aRU | ||
| 105 | _aa ||||||||| | ||
| 200 | 1 |
_aПовседневная жизнь советских граждан, угнанных в фашистскую Германию: взгляд через десятилетия _eмонография _fВ.И. Ковалев |
|
| 210 |
_aМосква _cСпутник+ _d2011 |
||
| 215 |
_a350 с. _cил., цв. ил., факс. _d21 |
||
| 300 | _aНа обороте тит. л. авт.: к.ист.н., доц. В.И. Ковалев | ||
| 320 | _aБиблиогр. в примеч. в конце разделов | ||
| 606 |
_a"Остарбайтеры" _92163953 _3RU\NLR\auth\661302131 |
||
| 686 | _aТ3(2)722.82 | ||
| 686 | _aУ24(4Г)807 | ||
| 700 | 1 |
_4070 _7ca _8rus _aКовалев _bВ. И. _cканд. ист. наук _gВладимир Иванович _934650 _3RU\NLR\auth\7751717 |
|
| 801 | 0 |
_aRU _bNLR _c20111003 _gRCR |
|
| 801 | 1 |
_aRU _bNLR _c20111003 |
|
| 830 | _aавт. по кн. | ||
| 942 | _cBOOK | ||
| 980 | _aNB | ||
| 980 | _aNBR | ||